| Tag |
First Indicator |
Second Indicator |
Subfields |
| LEADER |
00000cam a2200000 a 4500 |
| 001 |
in00001406084 |
| 005 |
20151020072408.0 |
| 008 |
971125s1998 nyub 000 1 eng |
| 010 |
|
|
|a 97049383
|
| 020 |
|
|
|a 0345404912 (alk. paper)
|
| 035 |
|
|
|a (OCoLC)38024226
|
| 035 |
|
|
|9 AHQ2821AM
|
| 040 |
|
|
|a DLC
|c DLC
|d CSP
|d UUC
|d TXA
|d UtOrBLW
|
| 043 |
|
|
|a n-us---
|
| 049 |
|
|
|a TXAM
|
| 050 |
0 |
0 |
|a PS3569.H18
|b L3 1998
|
| 082 |
0 |
0 |
|a 813/.54
|2 21
|
| 090 |
|
|
|a PS3569.H18
|b L37 1998
|
| 100 |
1 |
|
|a Shaara, Jeff,
|d 1952-
|
| 245 |
1 |
4 |
|a The last full measure /
|c Jeff Shaara.
|
| 250 |
|
|
|a 1st ed.
|
| 264 |
|
1 |
|a New York :
|b Ballantine Books,
|c 1998.
|
| 300 |
|
|
|a x, 560 pages :
|b maps ;
|c 25 cm.
|
| 336 |
|
|
|a text
|b txt
|2 rdacontent
|
| 337 |
|
|
|a unmediated
|b n
|2 rdamedia
|
| 338 |
|
|
|a volume
|b nc
|2 rdacarrier
|
| 500 |
|
|
|a The sequel to Michael Shaara's The killer angels.
|
| 651 |
|
0 |
|a United States
|x History
|y Civil War, 1861-1865
|v Fiction.
|
| 600 |
1 |
0 |
|a Grant, Ulysses S.
|q (Ulysses Simpson),
|d 1822-1885
|x Fiction.
|
| 600 |
1 |
0 |
|a Lee, Robert E.
|q (Robert Edward),
|d 1807-1870
|x Fiction.
|
| 600 |
1 |
0 |
|a Chamberlain, Joshua Lawrence,
|d 1828-1914
|x Fiction.
|
| 655 |
|
7 |
|a War stories.
|2 gsafd
|
| 655 |
|
7 |
|a Historical fiction.
|2 gsafd
|
| 999 |
|
|
|a MARS
|
| 999 |
f |
f |
|s d606eef7-3e73-3341-8ace-70e8a20e5f4c
|i bdc74103-787a-31d7-8081-980b88db4b63
|t 0
|
| 952 |
f |
f |
|p normal
|a Texas A&M University
|b College Station
|c Sterling C. Evans Library
|d Evans: Library Stacks
|t 0
|e PK3569.H18 L37 1998
|h Library of Congress classification
|i unmediated -- volume
|m A14823438685
|
| 998 |
f |
f |
|a PK3569.H18 L37 1998
|t 0
|l Evans: Library Stacks
|